[Event "Gornozavodsk op"]
[Site "Gornozavodsk"]
[Date "2007.11.??"]
[Round "5"]
[White "Nechaev, Alexey"]
[Black "Skoriupin, Sergey"]
[Result "1/2-1/2"]
[WhiteElo "2183"]
[BlackElo "2325"]
[PlyCount "31"]
[EventDate "2007.11.??"]
[EventType "swiss"]
[EventRounds "11"]
[EventCountry "RUS"]
[SourceTitle "CBM 121 Extra"]
[Source "ChessBase"]
[SourceDate "2008.01.10"]
[SourceVersion "1"]
[SourceVersionDate "2008.01.10"]
[SourceQuality "1"]

1. d4 f5 2. g3 Nf6 3. Bg2 e6 4. e3 Be7 5. Nf3 0-0 6. 0-0 c6 7. c4 d6 8. Nc3 Qc7 9. Bd2 e5 10. Qc2 g6 11. a3 Re8 12. b4 Nbd7 13. d5 Nb6 14. dxc6 bxc6 15. b5 Bb7 16. Qb3 1/2-1/2

[Event "Gornozavodsk op"]
[Site "Gornozavodsk"]
[Date "2007.11.??"]
[Round "7"]
[White "Ostanin, Vadim"]
[Black "Skoriupin, Sergey"]
[Result "1-0"]
[WhiteElo "2229"]
[BlackElo "2325"]
[PlyCount "65"]
[EventDate "2007.11.??"]
[EventType "swiss"]
[EventRounds "11"]
[EventCountry "RUS"]
[SourceTitle "CBM 121 Extra"]
[Source "ChessBase"]
[SourceDate "2008.01.10"]
[SourceVersion "1"]
[SourceVersionDate "2008.01.10"]
[SourceQuality "1"]

1. d4 Nf6 2. Nf3 g6 3. c4 Bg7 4. Nc3 0-0 5. g3 d6 6. Bg2 c6 7. 0-0 Nbd7 8. e4 e5 9. b3 Re8 10. h3 exd4 11. Nxd4 Nc5 12. Re1 Qe7 13. Rb1 Bd7 14. b4 Ne6 15. Nde2 h6 16. f4 Nc7 17. Nd4 a6 18. a4 b5 19. cxb5 axb5 20. axb5 Nxb5 21. Ndxb5 cxb5 22. Bb2 Rac8 23. e5 dxe5 24. fxe5 Nh7 25. Nd5 Qd8 26. Ra1 Be6 27. h4 Rc4 28. Qd2 Bf8 29. Red1 Qb8 30. Kh1 Bg7 31. Nf4 Qb6 32. Nxe6 fxe6 33. Qd7 1-0

[Event "Gornozavodsk op"]
[Site "Gornozavodsk"]
[Date "2007.11.??"]
[Round "11"]
[White "Skoriupin, Sergey"]
[Black "Chukharev, Sergey"]
[Result "0-1"]
[WhiteElo "2325"]
[BlackElo "2338"]
[PlyCount "98"]
[EventDate "2007.11.??"]
[EventType "swiss"]
[EventRounds "11"]
[EventCountry "RUS"]
[SourceTitle "CBM 121 Extra"]
[Source "ChessBase"]
[SourceDate "2008.01.10"]
[SourceVersion "1"]
[SourceVersionDate "2008.01.10"]
[SourceQuality "1"]

1. d4 Nf6 2. c4 e6 3. Nc3 Bb4 4. Qc2 b6 5. a3 Bxc3+ 6. Qxc3 Bb7 7. f3 c5 8. Bf4 cxd4 9. Qxd4 d5 10. cxd5 Qxd5 11. Qxd5 Nxd5 12. Bxb8 Rxb8 13. e4 Ne7 14. Bb5+ Bc6 15. Bxc6+ Nxc6 16. 0-0-0 Ke7 17. Ne2 Rbc8 18. Kb1 Rhd8 19. Rxd8 Rxd8 20. Kc2 Ne5 21. b3 f6 22. Rd1 Rc8+ 23. Nc3 g5 24. h3 h5 25. Rd4 Ng6 26. Rd2 Nf4 27. Rf2 h4 28. Kd2 Rd8+ 29. Kc2 Rd7 30. Ne2 Rc7+ 31. Kd2 Nxe2 32. Rxe2 Kd6 33. Kd3 Ke5 34. Rb2 Kf4 35. b4 Kg3 36. a4 Rc1 37. a5 bxa5 38. bxa5 Ra1 39. Rb7 Rxa5 40. Rf7 f5 41. Rg7 fxe4+ 42. Kxe4 Kxg2 43. f4 Kxh3 44. Rxg5 Ra2 45. Ke5 Re2+ 46. Kf6 Re4 47. Ra5 Rxf4+ 48. Kxe6 Kg3 49. Rxa7 h3 0-1

[Event "Privolzhskogo FO-ch"]
[Site "Togliatti"]
[Date "2007.03.25"]
[Round "4"]
[White "Skoriupin, Sergey"]
[Black "Pavlovski, Yaroslav"]
[Result "1-0"]
[WhiteElo "2321"]
[BlackElo "2266"]
[PlyCount "99"]
[EventDate "2007.03.22"]
[EventType "swiss"]
[EventRounds "9"]
[EventCountry "RUS"]
[SourceTitle "EXT 2010"]
[Source "ChessBase"]
[SourceDate "2010.11.25"]
[SourceVersion "1"]
[SourceVersionDate "2010.11.25"]
[SourceQuality "1"]

1. e4 d6 2. d4 Nf6 3. Nc3 g6 4. Be3 c6 5. Qd2 b5 6. f3 Nbd7 7. 0-0-0 Nb6 8. e5 Nfd5 9. Bg5 h6 10. Bh4 Bg7 11. Bg3 h5 12. h3 Bh6 13. f4 Bf5 14. Nf3 Nc4 15. Bxc4 bxc4 16. exd6 Qxd6 17. Ne5 Rb8 18. Nxc4 Qb4 19. Nxd5 Qxc4 20. Ne3 Qxa2 21. Qc3 Be4 22. b3 0-0 23. Kd2 Qa6 24. Ra1 Qb7 25. Qc5 a6 26. Ke2 Qc8 27. Rhe1 Rb5 28. Qc4 Qb8 29. Rxa6 Bxf4 30. Bxf4 Qxf4 31. Rf1 Qd6 32. d5 Bxd5 33. Qxb5 Qe5 34. Qa4 Bxg2 35. Rf2 Bxh3 36. Qf4 Qc5 37. c4 e5 38. Qe4 Rd8 39. Rxc6 Qa7 40. Qh4 Qa2+ 41. Kf3 Qa8 42. Nd5 Bg4+ 43. Kg3 Qb8 44. Rb6 Qa8 45. Ra2 Qxa2 46. Qxd8+ Kh7 47. Nf6+ Kg7 48. Qg8+ Kh6 49. Nxg4+ Kg5 50. Qd8+ 1-0

[Event "RUS-ch U18"]
[Site "Dagomys"]
[Date "2004.04.??"]
[Round "6"]
[White "Skoriupin, Sergey"]
[Black "Shirjaev, Alexandr"]
[Result "1/2-1/2"]
[WhiteElo "2205"]
[BlackElo "2297"]
[PlyCount "70"]
[EventDate "2004.04.??"]
[EventType "swiss"]
[EventRounds "10"]
[EventCountry "RUS"]
[SourceTitle "EXT 2005"]
[Source "ChessBase"]
[SourceDate "2004.11.15"]
[SourceVersion "1"]
[SourceVersionDate "2004.11.15"]
[SourceQuality "1"]

1. e4 c5 2. c3 Nf6 3. e5 Nd5 4. d4 cxd4 5. Nf3 Nc6 6. cxd4 d6 7. Bc4 Nb6 8. Bb5 dxe5 9. Nxe5 Bd7 10. Nxd7 Qxd7 11. Nc3 Rd8 12. Be3 e6 13. 0-0 Be7 14. Qg4 0-0 15. Bxc6 Qxc6 16. Bh6 Bf6 17. Rfd1 e5 18. dxe5 Bxe5 19. Bf4 Rxd1+ 20. Rxd1 Bxc3 21. bxc3 Qxc3 22. Be3 Re8 23. h4 Qf6 24. Bd4 Qg6 25. Qf3 h5 26. Bxb6 axb6 27. a3 Ra8 28. Rd7 Ra4 29. Rd8+ Kh7 30. Qd3 Qxd3 31. Rxd3 Rxh4 32. Rb3 Ra4 33. Rxb6 Ra7 34. g3 g6 35. Kg2 Kg7 1/2-1/2